Zvyšovanie prospoločenského správania občanov prostredníctvom behaviorálnych intervencií

Enregistré dans:
Détails bibliographiques
Auteur principal: Jakuš Muthová, Nikoleta
Autres auteurs: Klimko, Roman, 1985-
Format: Chapitre de livre
Langue:slovaque
Sujets:
Tags: Ajouter un tag
Pas de tags, Soyez le premier à ajouter un tag!

MARC

LEADER 00000naa$a2200000$$$4500
001 0290509
005 20240717105512.1
041 0 |a slo 
044 |a SK 
245 1 0 |a Zvyšovanie prospoločenského správania občanov prostredníctvom behaviorálnych intervencií  |c Nikoleta Jakuš Muthová, Roman Klimko 
610 2 0 |a behaviorizmus 
610 2 0 |a intervencie behaviorálne 
610 2 0 |a správanie 
610 2 0 |a občania 
610 2 0 |a intervencie 
610 2 0 |a správa verejná 
610 2 0 |a služby verejné 
610 2 0 |a samospráva miestna 
100 1 |a Jakuš Muthová, Nikoleta 
700 1 |a Klimko, Roman, 1985-